000 00595naa a2200217 i 4500
001 80503
003 ES-MaBCM
005 20241016120754.0
008 020122s2001 fra 000 0 fre d
021 _axx
035 _a(OCoLC)1365264169
040 _cES-MaBCM
041 0 _afre
043 _afra
100 1 _aPerraudeau, Eric
_936618
245 1 0 _aLe système des partis sous la V République
_cEric Perraudeau
650 2 7 _aSistema de partidos
_960271
651 4 _aFrancia
_9115364
773 0 _aEn:
_tPouvoirs
_dParis : 2001
_w104493
_gnº 99, p. 101-115. - Loc. S.74
942 _cAREV
999 _c80503
_d80503